• 首页
  • 本馆介绍
  • 公告通知
  • 最新文献
  • 馆藏检索
  • 电子资源
  • 读者导购
  • 参考咨询
  • 我的图书馆
  • 登录
  • 详细信息显示
  • 放入我的书架
  • 预约/预借图书
  • 作者相关作品
  • 分类相关作品
  • 丛书相关作品
  • 出版社相关作品

书目信息

  • 表格格式
  • 工作单格式
  • 卡片格式
题名:
海藻与海藻栽培学
    
 
作者: 赵素芬 主编
分册:  
出版信息: 北京   国防工业出版社  2012
页数: 407页
开本: 26cm
丛书名:
单 册:
中图分类: S968.4
科图分类:
主题词: 海藻--藻类养殖 , 藻类学 , 海藻--藻类学 , 藻类养殖 , 海藻
电子资源:
ISBN: 978-7-118-08316-3
000 01236nam0 2200289 45
001 1355404702
005 20130513150812.54
010    @a978-7-118-08316-3@dCNY55.00
100    @a20130108d2012 em y0chiy50 ea
101 0  @achi
102    @aCN@b110000
105    @aa z 000yy
106    @ar
200 1  @a海藻与海藻栽培学@AHai Zao Yu Hai Zao Zai Pei Xue@dMarine algae and algal culture science@zeng@f赵素芬主编@FZhao Su Fen Zhu Bian
210    @a北京@c国防工业出版社@d2012
215    @a407页@c图@d26cm
330    @a本书以大型底栖海藻门类(蓝藻门、绿藻门、红藻门和褐藻门种类)为对象,是首部将海藻学与海藻栽培学知识相结合的专著,内容共有14章。第一章为绪论,概括介绍与海藻及海藻栽培相关的基础理论,第二章~第五章分别介绍大型底栖海藻4个门类的基本特征、分类、主要种类的形态构造等特征及其分布,第六章~第十四章,分别介绍我国海带、紫菜、江蓠、裙带菜、麒麟菜、羊栖菜、鼠尾藻、礁膜和石花菜9类经济海藻的栽培理论与技术。
510 1  @aMarine algae and algal culture science@zeng
606 0  @a海藻@x藻类养殖
606 0  @a藻类学
606 0  @a海藻@x藻类学
606 0  @a藻类养殖
606 0  @a海藻
690    @aS968.4@v5
701  0 @a赵素芬@AZhao Su Fen@4主编
801    @aCN@bTANGWEI@c20130111
905    @b0831046-48@dS968.4@e36@f3
    
    海藻与海藻栽培学=Marine algae and algal culture science/赵素芬主编.-北京:国防工业出版社,2012
    407页:图;26cm
    
    
    ISBN 978-7-118-08316-3:CNY55.00
    本书以大型底栖海藻门类(蓝藻门、绿藻门、红藻门和褐藻门种类)为对象,是首部将海藻学与海藻栽培学知识相结合的专著,内容共有14章。第一章为绪论,概括介绍与海藻及海藻栽培相关的基础理论,第二章~第五章分别介绍大型底栖海藻4个门类的基本特征、分类、主要种类的形态构造等特征及其分布,第六章~第十四章,分别介绍我国海带、紫菜、江蓠、裙带菜、麒麟菜、羊栖菜、鼠尾藻、礁膜和石花菜9类经济海藻的栽培理论与技术。
●
相关链接 在E读中查询图书 在五车中查询图书 在当当中查询图书 在豆瓣中查询图书


正题名:海藻与海藻栽培学     索取号:S968.4/36         预约/预借

序号 登录号 条形码 馆藏地/架位号 状态 备注
1 0831046   208310460   第二样本阅览室/ [索取号:S968.4/36] 在馆    
2 0831047   208310479   第三借阅区/ [索取号:S968.4/36] 在馆    
3 0831048   208310488   第三借阅区/ [索取号:S968.4/36] 在馆    
唐山师范学院图书馆 欢迎您!
大连网信软件有限公司© 版权所有